000 00419cam a2200145u 4500
082 _a513
_bTHU
_cL-1 ; P-1
100 1 _aThompson, James Edgar,
_939074
245 0 0 _aArithmetic for the practical man,
260 _aNew York,
_bD. Van Nostrand company, inc.,
_c1931.
300 _axiii, 280 p. :
526 _a0
_b0
_c0
_d513_000000000000000_THU
650 0 _aArithmetic.
_939162
650 0 _aMCE
_9379
942 _2ddc
_cBK
999 _c543694
_d543694